000 00901cam a22002415a 4500
001 L157517
008 110607s2011 xxkad f 000 0 eng d
020 _a9781907196270
035 _a(Sirsi) u157517
041 0 _aeng
050 0 4 _a690.24
110 2 _aBuilding Cost Information Service
_91096
245 0 0 _aOccupancy costs of residential buildings
260 _aLondon
_bBCIS
_c2012
300 _a71p.
_c30cm.
490 0 _aBCIS Special Report
_vApril 2012
520 _aProvides current occupancy benchmarks for two residential buildings and shows the projected annual occupancy costs for the schemes. Includes projected annual expenditure charts and detailed estimates for individual elements and components.
521 _aAdvanced
651 4 _aUnited Kingdom
_y
690 _aBUILT ENVIRONMENT-BUILDING COSTS
690 _aPROPERTY-PROPERTY MANAGEMENT-OCCUPANCY COSTS
942 _n0
999 _c114816
_d114816